000 00438nmm a2200157Ia 4500
008 251105s9999||||xx |||||||||||||||||und||
041 _aspa
100 _aShalvis, Jill
245 0 _aAlgo tan seductor
264 _a[Madrid, España] :
_bHarlequin,
_c[Fecha de publicación no identificada]
300 _a0 páginas
490 _a'Duos'
650 _aRomance
856 _uhttps://public.digitaliapublishing.com/a/95165
942 _cCF
999 _c99049
_d99049